| LEADER 00000nam 2200000uu 4500 |
| 001 13399108535 |
| 003 ULIB |
| 008 110212s2551||||th 000 0 tha d |
| 020 ^a978974672351
|
| 060 04 ^aWY159^bก492 2551 ล.1
|
| 245 00 ^aการพยาบาลเด็ก ^nเล่มที่ 1 /^cบรรณาธิการ มาลี เอื้ออำนวย,สุธิศา ล่ามช้าง, จรัสศรี เย็นบุตร
|
| 250 ^aพิมพ์ครั้งที่ 1
|
| 260 ^aเชียงใหม่ :^bคณะพยาบาลศาสตร์ มหาวิทยาลัยเชียงใหม่,^c2551
|
| 300 ^a195 หน้า
|
| 520 ^aหนังสือเล่มนี้เสนอเนื้อหาแนวคิดและแนวโน้มการพยาบาลผู้ป่วยเด็กในภาวะเฉียบพลัน ฉุกเฉิน วิกฤต และเรื้อรัง ผลกระทบของความความเจ็บป่วยและการอยู่ในโรงพยาบาลต่อผู้ป่วยเด็ก การพยาบาลเพื่อส่งเสริมพัฒนาการผู้ป่วยเด็ก รวมทั้งหลักการพยาบาลผู้ป่วยเด็กที่มีปัญหาต่างๆ เช่น ทารกแรกเกิดที่มีภาวะเสี่ยง ภาวะเจ็บป่วยที่พบบ่อยในทารกแรกเกิด ภาวะฉุกเฉิน ได้รับอุบัติเหตุ และสารพิษ ปัญหาโภชนาการ โรคติดเชื้อ ปัญหาสุขภาพพิเศษ เป็นต้น
|
| 650 7 ^aการพยาบาลกุมารเวชศาสตร์
|
| 650 7 ^aเด็ก^xการดูแล
|
| 650 7 ^aเด็ก^xโรค
|
| 700 0 ^aมาลี เอื้อำนวย,^eบรรณาธิการ
|
| 700 0 ^aสุธิศา ล่ามช้าง,^eบรรณาธิการ
|
| 700 0 ^aจรัสศรี เย็นบุตร,^eบรรณาธิการ
|
| 999 ^aสุณิสา
|